The ultimate guide to sport event management and marketing / (Record no. 343821)
[ view plain ]
| 000 -LEADER | |
|---|---|
| fixed length control field | 01568 a2200229 4500 |
| 020 ## - INTERNATIONAL STANDARD BOOK NUMBER | |
| International Standard Book Number | 0786302445 |
| 020 ## - INTERNATIONAL STANDARD BOOK NUMBER | |
| International Standard Book Number | 9780786302444 |
| 082 04 - DEWEY DECIMAL CLASSIFICATION NUMBER | |
| Classification number | 796.069 |
| 090 ## - LOCALLY ASSIGNED LC-TYPE CALL NUMBER (OCLC); LOCAL CALL NUMBER (RLIN) | |
| -- | 1298 |
| -- | 1298 |
| 100 1# - MAIN ENTRY--PERSONAL NAME | |
| Personal name | Graham, Stedman. |
| 245 14 - TITLE STATEMENT | |
| Title | The ultimate guide to sport event management and marketing / |
| Statement of responsibility, etc. | Stedman Graham. |
| 250 ## - EDITION STATEMENT | |
| Edition statement | First Printing ed. |
| 260 ## - PUBLICATION, DISTRIBUTION, ETC. | |
| Place of publication, distribution, etc. | [S.l.] : |
| Name of publisher, distributor, etc. | Irwin Professional Pub, |
| Date of publication, distribution, etc. | 1995. |
| 300 ## - PHYSICAL DESCRIPTION | |
| Extent | 382 p. ; |
| Dimensions | 24 cm. |
| 500 ## - GENERAL NOTE | |
| General note | Hardcover. |
| 520 ## - SUMMARY, ETC. | |
| Summary, etc. | The Ultimate Guide to Sport Event Management and Marketing contains information from designing an event to planning an integrated marketing campaign to negotiating contracts and supplier agreements. Whether breaking into the field of sport event management and marketing or an established professional, this is the most comprehensive guide to the hundreds of issues, activities and responsibilities connected with making any sport event a success. Coverage includes: key strategies for managing even logistics; critical planning techniques; a review of negotiations and contracts with sponsors, suppliers, and insurance companies; an integrated approach to marketing that considers every kind of medium; advice for acquiring funding for sport events including a sponsorship outline; tips on how to enter the field. |
| 700 1# - ADDED ENTRY--PERSONAL NAME | |
| Personal name | Goldblatt, Joe J. |
| 700 1# - ADDED ENTRY--PERSONAL NAME | |
| Personal name | Delpy, Lisa. |
| 856 40 - ELECTRONIC LOCATION AND ACCESS | |
| Materials specified | Amazon.com |
| Uniform Resource Identifier | <a href="http://www.amazon.com/exec/obidos/ASIN/0786302445/chopaconline-20">http://www.amazon.com/exec/obidos/ASIN/0786302445/chopaconline-20</a> |
| 856 40 - ELECTRONIC LOCATION AND ACCESS | |
| Materials specified | Amazon customer reviews |
| Uniform Resource Identifier | <a href="http://www.chopac.org/cgi-bin/tools/azrev.pl?q=0786302445">http://www.chopac.org/cgi-bin/tools/azrev.pl?q=0786302445</a> |
| 942 ## - ADDED ENTRY ELEMENTS (KOHA) | |
| Institution code [OBSOLETE] | NBS |
| Koha item type | Book |
| Call number prefix | 796.069 GRA |
| Withdrawn status | Lost status | Source of classification or shelving scheme | Damaged status | Not for loan | Permanent Location | Current Location | Date acquired | Total Checkouts | Full call number | Barcode | Date last seen | Price effective from | Koha item type |
|---|---|---|---|---|---|---|---|---|---|---|---|---|---|
| Central Library (CL) | Central Library (CL) | 08/28/2013 | 796.069 GRA | NBS90 | 08/28/2013 | 08/28/2013 | Book |
